Efemèrides històriques de Sant Andreu de la Barca /
Publicado:
Sant Andreu de la Barca :
Centre d'Estudis Joan Falguera de Sant Andreu de la Barca ,
2000
Descripción Física:
35 p. : il. ; 21 cm
Idioma:
Catalán
MARC
| LEADER | 00000nam a2200000 a 4500 | ||
|---|---|---|---|
| 001 | 25123 | ||
| 005 | 20260324180725.0 | ||
| 008 | 010618s2000 spcao || o000 ||cat | ||
| 015 | |a LL2001 |2 bnc | ||
| 017 | |a DL B. 52683-2000 |b Biblioteca de Catalunya | ||
| 035 | |a (ES-BaCBU).b26456734 | ||
| 040 | |a ES-BaBC |b cat |c ES-BaBC | ||
| 043 | |a e-sp--- |b e-spcll |2 catmarc | ||
| 080 | |a 946.71 Ll Sant Andreu de la Barca | ||
| 100 | 1 | |a García, Xosé Lois, |d 1945- | |
| 245 | 1 | 0 | |a Efemèrides històriques de Sant Andreu de la Barca / |c Xosé Lois García |
| 260 | |a Sant Andreu de la Barca : |b Centre d'Estudis Joan Falguera de Sant Andreu de la Barca, |c DL 2000 | ||
| 300 | |a 35 p. : |b il. ; |c 21 cm | ||
| 504 | |a Cronologia | ||
| 651 | 7 | |a Sant Andreu de la Barca (Catalunya) |x Història. |2 lemac | |
| 710 | 2 | |a Centre d'Estudis Joan Falguera de Sant Andreu de la Barca. | |
| 907 | |a .b26456734 |b 15-02-21 |c 08-05-08 |d 07-05-08 |e m |f a |g - |h cat |i spc |j 0 |k 1 | ||
| 908 | |a BC | ||
| 940 | |a BC | ||
| 942 | |c ARXIU |n 1 | ||
| 952 | |0 0 |1 0 |2 udc |4 0 |6 BIB396 |7 1 |9 60948 |a Arxiu |b Arxiu |d 2022-01-10 |l 0 |o Bib-396 |p 25123 |r 2022-01-10 00:00:00 |w 2022-01-10 |y ARXIU | ||
| 999 | |c 81073 |d 81073 | ||